Регионална библиотека "Любен Каравелов" - Русе

Дъмбо (Запис номер 347372)

MARC детайли
000 -Лидер
Контролно поле с фиксирана дължина nam a22 a 4500
003 - Код на организацията, давaща контролен номер
Контролно поле BLK
005 - Дата и час на последна редакция
Контролно поле 20191217150704.0
008 - Елементи от данни с фиксирана дължина
fixed length control field 191217b bu ||||| |||| 00| 0 bu d
020 ## - Международен стандартен номер на книга ISBN
Международен стандартен номер на книга ISBN 9789542720577
040 ## - Източник на каталожния запис
Идентификатор на билиотеката - собственик на записа BLK
041 ## - Код за език
Код за езика на текст/звукозапис или на отделно заглавие Български
Код за езика КДБФ Български
080 ## - УДК
Текстов определител УДК Американска литература (на САЩ)
УДК код - определител по УДК 821.111(73)
УДК определител -93-34
УДК - код + определител 821.111(73)-93-34
139 ## - Редно поле
Редна дума Дъмбо
Авторски знак Дъ - Д 95
245 ## - Сведения за заглавието
Заглавие Дъмбо
Редно поле (дума) Прев. от англ. ез.
260 ## - Област на издателските данни
9 (RLIN) 209434
Място на издаване, разпространение и проч. София
Име на издателя, разпространителя и проч. Егмонт България
Година на издаване 2019
Печатница (София : Лито Балкан)
Издателство - префикс ISBN 978-954-27- ; 954-446-
300 ## - Физическа характеристика
Страници 64 с. : с цв. ил.
Размери/Мащаб 23 см
380 ## - Жанр
Жанр Детска худож. лит.
490 ## - СЕРИИ (Колекции)
9 (RLIN) 205392
Име на серия Егмонт Чародейства
500 ## - Общи забележки
Забележка Ориг. загл.: Dumbo. - Изд. на Disney.<br/>
999 ## - СИСТЕМНИ КОНТРОЛНИ НОМЕРА
Koha biblionumber 347372
Koha biblioitemnumber 347372
942 ## - АРТИКУЛИ
Източник на класификационната схема Universal Decimal Classification
Вид на библиотечния материал Книги
Скрит в OPAC Не
Периодичен библиозапис Да
Наличности
Код за отписване Код за изгубен артикул Източник на класификационната схема Код за повреда Коз за рестрикции Код за отдаване Артикулен № Име на библиотеката - собственик Име на библиотеката, в която се намира в момента Статус (Текущо местоположение) Дата на вписване в системата Местоположение - отдел Цена в лева Систематично азбучна сигнатура Баркод Цена в евро Служебен тип на артикула
  Не е изгубен Universal Decimal Classification Не е повреден само за читалня ползва се в читалня 754105 Регионална библиотека "Любен Каравелов" Русе Регионална библиотека "Любен Каравелов" Русе Хранилище 2020-01-17 Хранилище 6.99 Цб 297414 120000841300 3.57 Книги
Vip Innovations Ltd, Rousse, Bulgaria 2025